Teoría del desenvolvimiento económico : (Registro nro. 8769)

Detalles MARC
000 -LEADER
fixed length control field 02598nam a2200289Ia 4500
003 - CONTROL NUMBER IDENTIFIER
control field OSt
005 - DATE AND TIME OF LATEST TRANSACTION
control field 20211112144842.0
008 - FIXED-LENGTH DATA ELEMENTS--GENERAL INFORMATION
fixed length control field 210310s1944 mx fr 000 0 spa d
020 ## - INTERNATIONAL STANDARD BOOK NUMBER
International Standard Book Number 9789681602099
040 ## - CATALOGING SOURCE
Original cataloging agency CO-JMCR
Transcribing agency CO-JMCR
041 1# - LANGUAGE CODE
Language code of text/sound track or separate title spa
Language code of original fre
082 04 - DEWEY DECIMAL CLASSIFICATION NUMBER
Classification number 330.1 /
Item number S392t
Edition number 23
100 1# - MAIN ENTRY--PERSONAL NAME
Personal name Schumpeter, Joseph Alois,
9 (RLIN) 18234
Relator term autor
245 10 - TITLE STATEMENT
Title Teoría del desenvolvimiento económico :
Remainder of title una investigación sobre ganancias, capital, crédito, interés y ciclo económico /
Statement of responsibility, etc. Joseph A. Schumpeter ; traducción de Jesús Prados Arrarte
250 ## - EDITION STATEMENT
Edition statement Primera edición
260 ## - PUBLICATION, DISTRIBUTION, ETC.
Place of publication, distribution, etc. México :
Name of publisher, distributor, etc. Fondo de Cultura Económica,
Date of publication, distribution, etc. 1944
300 ## - PHYSICAL DESCRIPTION
Extent 254 páginas ;
Dimensions 22 cm.
490 0# - SERIES STATEMENT
Series statement Sección de Obras de Economía
500 ## - GENERAL NOTE
General note Incluye notas a pie de página.<br/>Título original: Theorie der wirtschaftlichen Entwicklung
505 0# - FORMATTED CONTENTS NOTE
Formatted contents note La corriente circular de la vida económica en tanto que condicionada por circunstancias dadas -- El fenómeno fundamental del desenvolvimiento económico -- Crédito y capital -- La ganancia del empresario -- Interés de capital -- El ciclo económico
520 3# - SUMMARY, ETC.
Summary, etc. Cuando en 1907 Joseph A. Schumpeter comenzó a estudiar el desenvolvimiento económico, se dio cuenta de que la teoría tradicional no era suficiente y de que, aunque la llamada "economía dinámica" había descubierto diversos factores externos que causaban cambios en el mundo económico, todavía no era posible explicar los procesos históricos que envolvían tales transformaciones. Sin embargo, fue él mismo quien encontró un factor puramente económico y de enorme importancia: la "innovación". En esta obra, Schumpeter explica y demuestra que la manera en que las innovaciones y los avances tecnológicos son absorbidos por el sistema permite explicar las continuas revoluciones económicas y su realidad histórica. Modelo teórico mera mente enfocado en el desenvolvimiento económico, esta propuesta es aún en nuestros días un texto clave para los estudiosos de la economía. Joseph A. Schumpeter (1883-1950), economista austriaco-estadunidense nacido en Moravia, hoy República Checa, llegó a ser ministro de Finanzas de Austria y profesor en las universidades de Bonn y Harvard. El FCE ha publicado sus libros Historia del análisis económico (2 vols.) y Elementos de matemáticas para economistas y estadigrafos (en coautoria con William Leonard Crum).<br/>
546 ## - LANGUAGE NOTE
Language note Traducido del francés.
650 14 - SUBJECT ADDED ENTRY--TOPICAL TERM
Topical term or geographic name entry element Economía
9 (RLIN) 18236
General subdivision Teoría
650 24 - SUBJECT ADDED ENTRY--TOPICAL TERM
Topical term or geographic name entry element Economía
General subdivision Historia
9 (RLIN) 7392
700 1# - ADDED ENTRY--PERSONAL NAME
Personal name Prados Arrarte, Jesús,
Relator term traductor
9 (RLIN) 41515
942 ## - ADDED ENTRY ELEMENTS (KOHA)
Source of classification or shelving scheme Dewey Decimal Classification
Koha item type Books
Existencias
Withdrawn status Lost status Source of classification or shelving scheme Damaged status Not for loan Collection code Home library Current library Date acquired Source of acquisition Total Checkouts Total Renewals Full call number Barcode Date last seen Date last checked out Copy number Koha item type
    Dewey Decimal Classification     Non-fiction Biblioteca Pública José María del Castillo y Rada Biblioteca Pública José María del Castillo y Rada 04/15/2018 Donación 1 2 330.1 / S392t 430006112 04/07/2025 02/25/2025 Ej.1 Books